| 000 | 01556nam0a2200325 4500 | ||
|---|---|---|---|
| 001 | RU\NLR\BIBL_A\022528093 | ||
| 005 | 20260406085913.0 | ||
| 010 |
_a978-5-6052307-2-4 _950 |
||
| 035 | _a(NLR Aleph) 022528093 | ||
| 090 |
_a13429060 _c13429060 |
||
| 100 | _a20250422d2024 |||y0rusy50 ca | ||
| 101 | 0 | _aeng | |
| 102 | _aRU | ||
| 105 | _ac j 000yy | ||
| 181 | 0 |
_ai3 _baxxe |
|
| 182 | 0 | _an | |
| 200 | 1 |
_aPractical guide in history of linguistic studies _dПрактикум по истории лингвистических учений _eучебное пособие на английском языке _fМ.Ю. Некрасова _zrus |
|
| 203 |
_aТекст _bвизуальный _cнепосредственный |
||
| 210 |
_aСевастополь _cРибест _d2024 |
||
| 215 |
_a147 с. _cпортр. _d20 |
||
| 320 | _aБиблиогр.: с. 143-145 (30 назв.) | ||
| 510 | 1 |
_6z45790 _aПрактикум по истории лингвистических учений _zrus |
|
| 606 | 1 |
_aЯзыкознание _jУчебные издания для высших учебных заведений _xИстория _91458346 _3RU\NLR\AUTH\66618516 |
|
| 686 | 1 | _aШ1г(0)я7 | |
| 700 | 1 |
_7ba _8rus _aNekrasova _bM. J. _cканд. филол. наук _gMarija Jur'evna _3RU\NLR\AUTH\770280479 _92652446 |
|
| 790 | 1 |
_7ca _8rus _aНекрасова _bМ. Ю. _cканд. филол. наук _gМария Юрьевна _3RU\NLR\AUTH\770177602 _9177551 |
|
| 942 | _cBOOK | ||
| 980 | _aNB | ||